Statistics for Warmest Country By Letter

Click here to take the quiz!

General Stats

  • This quiz has been taken 197 times
  • The average score is 12 of 24

Answer Stats

LetterTemperature °FTemperature °CCountry% Correct
Y74.923.85Yemen
85%
O78.125.6Oman
82%
Q80.927.15Qatar
82%
Z70.521.4Zambia
75%
F75.924.4Fiji
65%
D82.428Djibouti
61%
N80.927.15Niger
59%
V77.625.35Venezuela
56%
J76.924.95Jamaica
55%
E77.925.5Eritrea
54%
M82.8528.25Mali
54%
H76.824.9Haiti
53%
U80.627United Arab Emirates
53%
R76.224.55Republic of the Congo
45%
K82.7528.2Kiribati
44%
P81.727.6Palau
41%
A78.826Antigua and Barbuda
40%
G81.527.5Gambia
37%
L77.5525.3Liberia
37%
T82.428Tuvalu
37%
I79.426.35Ivory Coast
31%
B82.8528.25Burkina Faso
30%
S82.127.85Senegal
29%
C80.226.8Cambodia
27%

Score Distribution

Percentile by Number Answered

Percent of People with Each Score

Your Score History

You have not taken this quiz